Statistics for UK cities by Region

Click here to take the quiz!

General Stats

  • This quiz has been taken 51 times
    (22 since last reset)
  • The average score is 30 of 55

Answer Stats

RegionRankAnswer% Correct
Scotland2Edinburgh
90%
Scotland1Glasgow
90%
West Midlands1Birmingham
86%
Wales1Cardiff
86%
South West1Bristol
81%
Scotland4Dundee
81%
North West2Manchester
81%
Wales2Swansea
81%
Scotland3Aberdeen
76%
Northern Ireland1Belfast
76%
Yorkshire & The Humber2Leeds
76%
East Midlands1Leicester
76%
North West1Liverpool
76%
North East1Newcastle upon Tyne
76%
South West2Plymouth
76%
South West3Bournemouth
71%
South East1Southampton
71%
Yorkshire & The Humber4Kingston upon Hull
67%
East2Norwich
67%
East Midlands2Nottingham
67%
Yorkshire & The Humber1Sheffield
67%
South East3Brighton
62%
East Midlands3Derby
62%
Northern Ireland2Derry
62%
Wales3Newport
62%
South East2Portsmouth
62%
West Midlands4Wolverhampton
62%
West Midlands2Coventry
57%
East Midlands5Lincoln
57%
East Midlands4Northampton
57%
North East3Sunderland
57%
North West5Blackpool
52%
North West3Bolton
52%
East5Ipswich
52%
North East2Middlesbrough
52%
Yorkshire & The Humber3Bradford
48%
Wales4Wrexham
43%
South West5Poole
38%
South East4Reading
38%
East3Southend on Sea
38%
West Midlands3Stoke-on-Trent
38%
East1Luton
33%
South West4Swindon
33%
Yorkshire & The Humber5Huddersfield
29%
South East5Milton Keynes
29%
East4Peterborough
29%
North West4Warrington
29%
North East5Darlington
24%
West Midlands5Telford
24%
Northern Ireland5Bangor
19%
Wales5Barry
19%
North East4Gateshead
19%
Scotland5Paisley
14%
Northern Ireland4Craigavon
10%
Northern Ireland3Newtownabbey
10%

Score Distribution

Percentile by Number Answered

Percent of People with Each Score

Your Score History

You have not taken this quiz since the last reset